| 000 | 01581nkm a2200313 a 4500 | ||
|---|---|---|---|
| 999 |
_c376087 _d376087 |
||
| 003 | BLK | ||
| 005 | 20250128124831.0 | ||
| 008 | 200721b bu ||||| |||| 00| 0 bu d | ||
| 040 | _aBLK | ||
| 041 |
_aBUL _cBUL |
||
| 080 |
_aОсвобождение на България. Руско-турска война (1877-1878) _b94(497.2)"1877/1878" _z94(497.2)"1877/1878" |
||
| 080 |
_aЖивопис _b75 _x(497.2) _z75(497.2) |
||
| 100 | 1 |
_9129407 _aТодоров, Слави _eпърви автор |
|
| 245 |
_aШипченската епопея [Изобразителен материал] _bкомплект снимки _cСлави Тодоров ; ред. Райна Заимова |
||
| 260 |
_9210539 _aСофия _bСептември _c1984 |
||
| 300 |
_a1 папка (14 с. текст, 12 отд. л.) _bцв. снимки _c13 x 16 см |
||
| 380 | _a9 | ||
| 500 | _aИмето на авт. отбелязано в изд. каре. - Загл. в изд. каре: Храм-паметникът в град Шипка. - 5 000 тир. | ||
| 650 | 7 |
_aРуско-турска освободителна война 1877 - 1878 - албуми _2 _9170040 |
|
| 653 | 7 |
_9200834 _aШипка |
|
| 653 | 7 |
_9195924 _aРуско-турска освободителна война 1877-1878 |
|
| 653 | 7 |
_9193250 _aпаметници |
|
| 653 | 7 |
_9188362 _aкартини |
|
| 700 |
_91311 _aЗаимова, Райна _eред. |
||
| 852 |
_aЦб І 38550 _bЦб |
||
| 942 |
_cGRA _n0 _s1 |
||
| 944 |
_aCR _c2020-07-21 _k30560 _lГеновева Генчева |
||
| 999 | _d376087 | ||